000 00692nam a2200229 4500
003 OSt
005 20240729074543.0
006 a
008 240729b |||||||| |||| 00| 0 eng d
020 _a9812328939
040 _aDWCL-Main lib.
_cOC
082 _aCirc. 953.65 T836c 2005
100 _aTripp, Harvey
245 _aCulture shock! : a survival guide to customs and etiquette : Bahrain /
260 _aSingapore :
_bMarshall Cavendish Editions,
_cc2005.
300 _avii,
_b192 p. : ill. ;
_c21 cm.
490 _3Culture shock
504 _aIncludes index.
650 _a1. Etiquette-Bahrain.
650 _a2. Bahrain-Social life and customs.
942 _2ddc
_n0
_cBK-CIRC
_kCirc.
999 _c2926
_d2926